00435nam a2200133Ia 4500008004100000020001200041050002500053245011500078260002300193300001500216500002000231500002000251650003000271151021s9999 xx 000 0 und d a2508265 aHC 685.Z9 E 54 1999  a_Environment and Development in Kenya Urbanization and management of kenyas urban centres in the 21st century  aNairobi KNAS 1999  axix,198p.  aIncludes index  aIncludes index  a_Urbanisation management